[Event "Euro Online U2300 Day 1"]
[Site "chess.com INT"]
[Date "2020.05.25"]
[Round "3"]
[White "Grineva, Marianna"]
[Black "Grigoryan, Aram"]
[Result "1-0"]
[WhiteTitle "WFM"]
[WhiteElo "2002"]
[BlackElo "1996"]
[WhiteFideId "14102013"]
[BlackFideId "13310542"]
[EventDate "2020.05.25"]

1. d4 Nf6 2. c4 c5 3. d5 e6 4. Nc3 exd5 5. cxd5 d6 6. e4 g6 7. Nf3 Bg7 8. Bd3 a6
9. a4 Bg4 10. h3 Bxf3 11. Qxf3 O-O 12. O-O Nbd7 13. Bf4 Qe7 14. Qe2 Ne5 15. Bc2
Rfe8 16. Bh2 c4 17. a5 Nd3 18. Ba4 Nd7 19. Rad1 f5 20. f3 f4 21. Kh1 Rf8 22.
Bxd7 Qxd7 23. Bg1 g5 24. Ra1 h5 25. Na4 Rae8 26. Nb6 Qc7 27. Ra4 Nxb2 28. Rxc4
Nxc4 29. Rc1 Qf7 30. Nxc4 Qg6 31. Rb1 g4 32. Rxb7 gxh3 33. gxh3 Qg3 34. Qg2 Be5
35. Rb6 Rf6 36. Nxe5 Rxe5 37. Qxg3+ fxg3 38. Kg2 Rg5 39. h4 Rgg6 40. Rxa6 Rf7
41. e5 Kg7 42. e6 Rf4 43. Rxd6 Ra4 44. e7 Rxd6 45. e8=Q Ra2+ 46. Kh3 Rf6 47. Bd4 1-0

[Event "Euro Online U2300 Day 1"]
[Site "chess.com INT"]
[Date "2020.05.25"]
[Round "3"]
[White "Zverev, Lev"]
[Black "Rjabzev, Konstantin"]
[Result "1-0"]
[WhiteTitle "CM"]
[BlackTitle "IM"]
[WhiteElo "2087"]
[BlackElo "2258"]
[WhiteFideId "24250775"]
[BlackFideId "4150015"]
[EventDate "2020.05.25"]

1. e4 e5 2. Nf3 d6 3. d4 exd4 4. Nxd4 Nf6 5. Nc3 Be7 6. Be2 O-O 7. O-O Re8 8.
Be3 Bf8 9. f3 h6 10. Qd2 d5 11. Nb3 Be6 12. e5 Nh7 13. f4 c6 14. f5 Bc8 15. e6
fxe6 16. Bh5 e5 17. Bxe8 Qxe8 18. Rae1 Nf6 19. Bc5 Nbd7 20. Bxf8 Qxf8 21. Nc1 e4
22. N1e2 Ne5 23. Nf4 Bxf5 24. Nfxd5 cxd5 25. Rxf5 Qc5+ 26. Kh1 Nc4 27. Qf4 Rf8
28. Nxe4 Nxe4 29. Qxe4 dxe4 30. Rxc5 Nxb2 31. Re5 Rf2 32. R5xe4 Rxc2 33. Re8+
Kf7 34. R8e7+ Kf6 35. Rxb7 Nd3 36. Rf1+ Kg6 37. Rxa7 h5 38. Ra3 Nf2+ 39. Kg1 Ng4
40. h3 Nf6 41. Rg3+ Kf7 42. a3 Ra2 43. Re3 Kg6 44. Kh2 Kg5 45. Rb1 h4 46. Rb4
Kh5 47. Re5+ Kg6 48. a4 Nd7 49. Reb5 Kf6 50. Rxh4 g5 51. Rh6+ Ke7 52. Rxg5 Rxa4
53. Rg7+ Kd8 54. Rd6 Ra7 55. h4 1-0

[Event "Euro Online U2300 Day 1"]
[Site "chess.com INT"]
[Date "2020.05.25"]
[Round "3"]
[White "Medancic, Rikard"]
[Black "Monteverde, Jonathan"]
[Result "0-1"]
[WhiteTitle "IM"]
[WhiteElo "2145"]
[BlackElo "2105"]
[WhiteFideId "14500531"]
[BlackFideId "1314580"]
[EventDate "2020.05.25"]

1. d4 e6 2. Nf3 Nf6 3. Bg5 c5 4. e3 b6 5. Nbd2 Be7 6. c3 Bb7 7. Bd3 cxd4 8. exd4
O-O 9. Qe2 d6 10. O-O a6 11. Rfe1 Nbd7 12. Rad1 Re8 13. Bb1 Qc7 14. Bh4 Bf8 15.
Bg3 Qc6 16. Qc4 Rac8 17. Qf1 b5 18. Nb3 Qb6 19. Nfd2 Nh5 20. Bh4 Nf4 21. f3 e5
22. Bf2 Qc7 23. g3 Nd5 24. Qh3 g6 25. dxe5 dxe5 26. Ne4 f5 27. Ned2 a5 28. Nc1
N7f6 29. Nd3 e4 30. fxe4 fxe4 31. Nf4 e3 32. Nxd5 exf2+ 33. Kxf2 Bxd5 34. Qh4
Bc5+ 35. Kf1 Qf7 36. Re2 Ng4+ 37. Ke1 Qf2# 0-1

[Event "Euro Online U2300 Day 1"]
[Site "chess.com INT"]
[Date "2020.05.25"]
[Round "3"]
[White "Dornbusch, Tatiana"]
[Black "Mikheev, Aleksey"]
[Result "0-1"]
[WhiteTitle "WGM"]
[WhiteElo "2268"]
[BlackElo "2239"]
[WhiteFideId "14107449"]
[BlackFideId "24177660"]
[EventDate "2020.05.25"]

1. d4 Nf6 2. Nf3 g6 3. g3 Bg7 4. Bg2 O-O 5. O-O d6 6. c4 Ne4 7. Nh4 f5 8. f3 Nf6
9. Nc3 e5 10. d5 Nbd7 11. e4 f4 12. gxf4 Nh5 13. fxe5 dxe5 14. Nf5 gxf5 15. exf5
Qh4 16. Ne4 Nf4 17. Ng3 Nf6 18. Be3 N6h5 19. Bf2 Nxg2 20. Kxg2 Nf4+ 21. Kh1 Qh3
22. Rg1 Rf6 23. Ne4 Rh6 24. Bg3 Bxf5 25. Qd2 Rf8 26. Bxf4 Qxf3+ 27. Rg2 exf4 28.
Ng5 Qe3 29. Qxe3 fxe3 30. Re1 Re8 31. Rge2 Rg6 32. h4 h6 33. Rxe3 Rxe3 34. Rxe3
hxg5 35. hxg5 Rxg5 36. Re7 Bxb2 37. c5 Bf6 38. Re8+ Kf7 39. Ra8 Be4+ 40. Kh2
Be5+ 41. Kh3 Bf3 0-1

[Event "Euro Online U2300 Day 1"]
[Site "chess.com INT"]
[Date "2020.05.25"]
[Round "3"]
[White "Lymar, Vladislav"]
[Black "Petrovic, Aleksa"]
[Result "1-0"]
[WhiteElo "2159"]
[BlackElo "2072"]
[WhiteFideId "14162180"]
[BlackFideId "967629"]
[EventDate "2020.05.25"]

1. e4 Nf6 2. e5 Nd5 3. Nc3 Nb6 4. d4 d6 5. f4 dxe5 6. fxe5 c5 7. d5 e6 8. Bb5+
Bd7 9. dxe6 fxe6 10. Bd3 g6 11. Nf3 Bg7 12. Ne4 O-O 13. Bg5 Qc7 14. Nf6+ Kh8 15.
O-O Nc6 16. Qe2 Nb4 17. Bxg6 hxg6 18. Nh4 Be8 19. Nxe8 Rfxe8 20. Nxg6+ Kg8 21.
Rf4 Nc6 22. Bf6 Nd5 23. Rg4 Nd4 24. Qe4 Nf5 25. Nh4 Nde3 26. Rg6 Kh7 27. Bxg7
Nxg7 28. Qxe3 Nf5 29. Qg5 Ng7 30. Rh6+ Kg8 31. Ng6 Nf5 32. Rh8+ Kg7 33. Qf6# 1-0

[Event "Euro Online U2300 Day 1"]
[Site "chess.com INT"]
[Date "2020.05.25"]
[Round "3"]
[White "Timagin, Petr"]
[Black "Hartikainen, Jarmo"]
[Result "1-0"]
[WhiteTitle "FM"]
[BlackTitle "CM"]
[WhiteElo "2337"]
[BlackElo "2149"]
[WhiteFideId "4137698"]
[BlackFideId "503134"]
[EventDate "2020.05.25"]

1. e4 c5 2. Nf3 Nc6 3. Nc3 Nf6 4. Bb5 d6 5. e5 Ng4 6. exd6 exd6 7. O-O Be7 8. d4
O-O 9. h3 cxd4 10. Nxd4 Nge5 11. Nd5 Be6 12. Nxe6 fxe6 13. Nxe7+ Qxe7 14. Be3 d5
15. Be2 Rad8 16. c3 b6 17. Qa4 Qd6 18. Rad1 Nd7 19. Qh4 e5 20. Rxd5 Qe6 21. Rfd1
Nd4 22. Bc4 b5 23. Rxd7 bxc4 24. Rxd8 Nf5 25. Rxf8+ 1-0

[Event "Euro Online U2300 Day 1"]
[Site "chess.com INT"]
[Date "2020.05.25"]
[Round "3"]
[White "Sokolovsky, Yahli"]
[Black "Gabriel, Josef"]
[Result "1-0"]
[WhiteElo "2123"]
[BlackElo "2046"]
[WhiteFideId "2820242"]
[BlackFideId "4609948"]
[EventDate "2020.05.25"]

1. e4 g6 2. d4 Bg7 3. Nf3 d6 4. Bd3 a6 5. c3 b5 6. a4 bxa4 7. Qxa4+ Kf8 8. O-O
Nf6 9. Nbd2 Nfd7 10. Re1 Nb6 11. Qc2 e5 12. dxe5 dxe5 13. Nc4 Nc6 14. Be3 Bg4
15. Nfd2 Be6 16. Red1 Nxc4 17. Bxc4 Qc8 18. Qa4 Bxc4 19. Qxc4 Qe6 20. Qxe6 fxe6
21. Nc4 Ke8 22. b4 Bf6 23. b5 Nb8 24. Ra5 h5 25. Rda1 Rh7 26. bxa6 Rd7 27. Kf1
Rd3 28. Bd2 Nc6 29. Rc5 Kd7 30. Ke2 Rd6 31. Nxd6 cxd6 32. Rb5 Bd8 33. Rb7+ Bc7
34. Be3 Nd8 35. Rb3 d5 36. Bb6 Kc6 37. Bxc7 Kxc7 38. a7 Nb7 39. Rb5 Kc6 40. Rb4
Kc7 41. Ke3 Kc6 42. Ra6+ Kc7 43. Rxe6 Rxa7 44. Rxb7+ Rxb7 45. Re7+ Kb6 46. Rxb7+
Kxb7 47. exd5 Kb6 48. Ke4 Kc5 49. Kxe5 1-0

[Event "Euro Online U2300 Day 1"]
[Site "chess.com INT"]
[Date "2020.05.25"]
[Round "3"]
[White "Zubcu, Vlad-George"]
[Black "Tomaszewski, Roman"]
[Result "1-0"]
[BlackTitle "IM"]
[WhiteElo "2199"]
[BlackElo "2206"]
[WhiteFideId "1219715"]
[BlackFideId "1100637"]
[EventDate "2020.05.25"]

1. d4 d5 2. c4 c6 3. Nc3 Nf6 4. Bg5 dxc4 5. Bxf6 exf6 6. e3 Be6 7. Nf3 Nd7 8. a4
Bb4 9. Be2 a5 10. O-O O-O 11. Nd2 Nb6 12. Qc2 c5 13. dxc5 Bxc5 14. Rfd1 Qe7 15.
Nce4 Bb4 16. Ng3 Rac8 17. Nde4 f5 18. Nc3 g6 19. Bf3 Rfd8 20. Rd4 Bc5 21. Rxd8+
Rxd8 22. Rd1 Rxd1+ 23. Qxd1 Nc8 24. Nge2 Nd6 25. Nf4 Qf6 26. Qd2 Bb4 27. h3 Qe5
28. Qc2 Bxc3 29. bxc3 b5 30. axb5 Nxb5 31. Ne2 Bd7 32. Qd2 Qd6 33. Qa2 Qc7 34.
g3 a4 35. Qxa4 Nxc3 36. Qa8+ Kg7 37. Nxc3 f4 38. Nd5 Qc5 39. Qa1+ f6 40. Qxf6+ 1-0

[Event "Euro Online U2300 Day 1"]
[Site "chess.com INT"]
[Date "2020.05.25"]
[Round "3"]
[White "Kaliszuk, Kamil"]
[Black "Nemkova, Ljubov"]
[Result "1-0"]
[BlackTitle "WFM"]
[WhiteElo "1930"]
[BlackElo "2172"]
[WhiteFideId "21870160"]
[BlackFideId "4180070"]
[EventDate "2020.05.25"]

1. e4 g6 2. d4 Bg7 3. Nf3 c5 4. Nc3 Nc6 5. Be3 Qb6 6. Nd5 Qa5+ 7. Qd2 Qd8 8. c3
e6 9. Nf4 cxd4 10. cxd4 Nf6 11. e5 Ng4 12. Be2 O-O 13. h4 Nxe3 14. fxe3 h6 15.
Bd3 d6 16. exd6 Qxd6 17. Ne2 e5 18. h5 g5 19. dxe5 Bxe5 20. Ned4 Nxd4 21. Nxd4
Bg3+ 22. Kf1 Be5 23. Rd1 Bg4 24. Be2 Qf6+ 25. Kg1 Bd7 26. Rf1 Qg7 27. Nf5 Bxf5
28. Rxf5 Bxb2 29. Rh3 Rad8 30. Qb4 Rd7 31. Rhf3 a6 32. Qb3 b5 33. a4 Rd2 34. Rf2
Qh7 35. g4 bxa4 36. Qxa4 f6 37. Bc4+ Kh8 38. Rxd2 Be5 39. Rd7 1-0

[Event "Euro Online U2300 Day 1"]
[Site "chess.com INT"]
[Date "2020.05.25"]
[Round "3"]
[White "Kamer, Kayra"]
[Black "Mravunac, Damir"]
[Result "1-0"]
[WhiteTitle "FM"]
[WhiteElo "2325"]
[BlackElo "2132"]
[WhiteFideId "6367879"]
[BlackFideId "14502810"]
[EventDate "2020.05.25"]

1. e4 c5 2. Nf3 e6 3. d4 cxd4 4. Nxd4 a6 5. Nc3 Qc7 6. Bd3 Nf6 7. O-O Bc5 8. Nf3
Nc6 9. Qe2 Ng4 10. g3 h5 11. Bf4 d6 12. h3 Nge5 13. Nxe5 dxe5 14. Be3 Nd4 15.
Qd1 b5 16. Ne2 Nf3+ 17. Kg2 Bxe3 18. Kxf3 Bb6 19. Kg2 Bb7 20. a4 b4 21. Nc1 f5
22. Qe2 O-O 23. f3 Qe7 24. Nb3 Qg5 25. exf5 exf5 26. Qxe5 Rae8 27. Qf4 Qf6 28.
Rae1 g5 29. Qxb4 Rxe1 30. Rxe1 g4 31. Qc4+ Kg7 32. Re6 gxf3+ 33. Kf1 Qd8 34. Qf4
Rf6 35. Qg5+ Kf7 36. Rxf6+ Qxf6 37. Qxf5 Qxf5 38. Bxf5 Be3 39. Na5 Bd5 40. Bd3
Be6 41. Bc4 Kf6 42. Bxe6 Kxe6 43. Nc4 Bd4 44. c3 Ba7 45. Nd2 f2 46. Ne4 a5 47.
Nxf2 Kf5 48. Ke2 Bb8 49. Kf3 1-0

[Event "Euro Online U2300 Day 1"]
[Site "chess.com INT"]
[Date "2020.05.25"]
[Round "3"]
[White "Jaroch, Pawel"]
[Black "Budisavljevic, Luka"]
[Result "1-0"]
[BlackTitle "FM"]
[WhiteElo "2199"]
[BlackElo "2444"]
[WhiteFideId "1124366"]
[BlackFideId "960047"]
[EventDate "2020.05.25"]

1. d4 Nf6 2. c4 a6 3. Nc3 c5 4. Nf3 cxd4 5. Nxd4 e6 6. e4 Qc7 7. Be3 b6 8. f3
Bb7 9. Qd2 Be7 10. Be2 O-O 11. O-O d6 12. Rac1 Nbd7 13. b3 Rac8 14. Rfd1 Qb8 15.
Qe1 Rfe8 16. Qf2 Bd8 17. Nc2 b5 18. Nb4 a5 19. Ba7 axb4 20. Bxb8 Bb6 21. Qxb6
Nxb6 22. Bxd6 bxc3 23. c5 Na8 24. Bxb5 Red8 25. b4 Ne8 26. Bxe8 Rxe8 27. b5 Red8
28. Rxc3 Nb6 29. c6 Ba8 30. Kf2 Nd5 31. exd5 Rxd6 32. b6 Bxc6 33. dxc6 Rxd1 34.
b7 Rdd8 35. c7 Kf8 36. cxd8=Q+ Rxd8 37. Rc8 1-0

[Event "Euro Online U2300 Day 1"]
[Site "chess.com INT"]
[Date "2020.05.25"]
[Round "3"]
[White "Ryzhkov, Vjacheslav"]
[Black "Gombocz, Ferenc Jr."]
[Result "1/2-1/2"]
[BlackTitle "FM"]
[WhiteElo "2138"]
[BlackElo "2209"]
[WhiteFideId "4198484"]
[BlackFideId "775029"]
[EventDate "2020.05.25"]

1. e4 e5 2. Nf3 Nc6 3. d4 exd4 4. Nxd4 Bb4+ 5. c3 Bc5 6. Be3 Bb6 7. Be2 Nf6 8.
Nxc6 bxc6 9. Bxb6 axb6 10. e5 Nd5 11. O-O O-O 12. Nd2 Nf4 13. Bf3 Re8 14. Re1
Nd3 15. Re3 Nxe5 16. Be4 d5 17. Bxh7+ Kxh7 18. Qh5+ Kg8 19. Rxe5 Rxe5 20. Qxe5
Be6 21. a3 Qd6 22. Qg5 c5 23. Nf3 Qd8 24. Qe5 Qd6 25. Qg5 d4 26. cxd4 cxd4 27.
Rd1 d3 28. Qb5 Rd8 29. Ne5 d2 30. Nf3 Qf4 31. Qe2 Bc4 32. Qe3 Qf5 33. Rxd2 Qb1+
34. Ne1 Rc8 35. Rc2 Bb5 36. Qc1 Qa2 37. Rxc7 Rxc7 38. Qxc7 Qxb2 39. Qc8+ Kh7 40.
Qh3+ Kg8 41. Qc8+ Kh7 42. Qh3+ Kg8 43. Qc8+ 1/2-1/2

[Event "Euro Online U2300 Day 1"]
[Site "chess.com INT"]
[Date "2020.05.25"]
[Round "3"]
[White "Schekachikhin, Maksim"]
[Black "Aizenberg, Benny"]
[Result "1-0"]
[WhiteTitle "IM"]
[WhiteElo "2406"]
[BlackElo "2152"]
[WhiteFideId "24177830"]
[BlackFideId "2821125"]
[EventDate "2020.05.25"]

1. Nf3 c5 2. e3 g6 3. c4 Bg7 4. Nc3 e6 5. b3 Ne7 6. Bb2 O-O 7. Be2 Nbc6 8. O-O
d5 9. cxd5 Nxd5 10. a3 Nxc3 11. Bxc3 Bxc3 12. dxc3 e5 13. Bb5 Qc7 14. Bxc6 bxc6
15. Qc2 Rb8 16. Nd2 Be6 17. Rfd1 Rfd8 18. h3 f5 19. e4 f4 20. b4 cxb4 21. cxb4
Rd4 22. Nf3 Rc4 23. Qd3 c5 24. Qd6 Qxd6 25. Rxd6 Rb6 26. Rd8+ Kg7 27. Nxe5 Rxe4
28. bxc5 Rb2 29. Nd3 Rd2 30. c6 Rc4 31. Nxf4 Rxf4 32. Rxd2 Rc4 33. Rd6 Kf7 34.
Re1 Bc8 35. Re3 a5 36. g4 a4 37. Kg2 h5 38. g5 Bf5 39. Rf6+ Kg7 40. Re7+ Kg8 41.
Rxf5 gxf5 42. c7 Kf8 43. Rd7 1-0

[Event "Euro Online U2300 Day 1"]
[Site "chess.com INT"]
[Date "2020.05.25"]
[Round "3"]
[White "Blum, Frederik"]
[Black "Yakimova, Mariya"]
[Result "1-0"]
[BlackTitle "WFM"]
[WhiteElo "2061"]
[BlackElo "2269"]
[WhiteFideId "4640136"]
[BlackFideId "34188859"]
[EventDate "2020.05.25"]

1. e4 c5 2. Nf3 Nc6 3. d4 cxd4 4. Nxd4 Nf6 5. Nc3 e5 6. Ndb5 d6 7. Bg5 a6 8. Na3
b5 9. Bxf6 gxf6 10. Nd5 f5 11. Nxb5 axb5 12. Bxb5 Bd7 13. exf5 Bg7 14. O-O O-O
15. Qh5 f6 16. a4 Be8 17. Qg4 Kh8 18. Ra3 Ne7 19. Rg3 Rg8 20. Bxe8 Qxe8 21. Nc7
Qxa4 22. Nxa8 1-0

[Event "Euro Online U2300 Day 1"]
[Site "chess.com INT"]
[Date "2020.05.25"]
[Round "3"]
[White "Mladek, Richard"]
[Black "Bulockin, Martin"]
[Result "1/2-1/2"]
[WhiteTitle "FM"]
[WhiteElo "2280"]
[BlackElo "2255"]
[WhiteFideId "386588"]
[BlackFideId "371610"]
[EventDate "2020.05.25"]

1. d4 Nf6 2. c4 e6 3. Nf3 Bb4+ 4. Bd2 Bxd2+ 5. Nbxd2 d5 6. g3 O-O 7. Bg2 Nbd7 8.
O-O b6 9. cxd5 exd5 10. Rc1 Bb7 11. Qb3 Rc8 12. e3 Qe7 13. Rfe1 h6 14. Nh4 Qe6
15. Qd3 Ne4 16. Nf1 c5 17. f3 Nd6 18. g4 Qf6 19. Nf5 Nxf5 20. gxf5 Rfe8 21. Ng3
cxd4 22. Qxd4 Qxd4 23. exd4 Rxe1+ 24. Rxe1 Kf8 25. Re2 Rc1+ 26. Kf2 Ba6 27. Rd2
Nf6 28. Ne2 Bxe2 29. Kxe2 Ke7 30. f4 Kd6 31. Bf3 Ng8 32. Bh5 f6 33. Kd3 Re1 34.
Rg2 Re7 35. Bg6 h5 36. Bxh5 Nh6 37. Bg6 Re4 38. Bh7 Re7 1/2-1/2

[Event "Euro Online U2300 Day 1"]
[Site "chess.com INT"]
[Date "2020.05.25"]
[Round "3"]
[White "Berdnyk, Mariia"]
[Black "Petrovic, Zvonko"]
[Result "1-0"]
[WhiteTitle "FM"]
[BlackTitle "FM"]
[WhiteElo "2324"]
[BlackElo "2145"]
[WhiteFideId "14137054"]
[BlackFideId "14500914"]
[EventDate "2020.05.25"]

1. c4 Nf6 2. Nc3 g6 3. g3 Bg7 4. Bg2 O-O 5. e3 c5 6. Nge2 Nc6 7. O-O d6 8. d4
Bd7 9. d5 Na5 10. b3 a6 11. a4 Rb8 12. Bd2 Ng4 13. h3 Ne5 14. Be1 f5 15. Nf4 b6
16. Ne6 Bxe6 17. dxe6 Nec6 18. Rb1 Qc8 19. Nd5 Kh8 20. Nf4 Nb7 21. Qc2 Nbd8 22.
Bc3 Be5 23. h4 Rf6 24. Nd5 Rf8 25. f4 Bxc3 26. Qxc3+ Kg8 27. b4 Nxe6 28. b5 axb5
29. axb5 Ned4 30. exd4 Nxd4 31. Nxe7+ Kf7 32. Rfe1 Qd7 33. Nc6 Rfe8 34. Nxd4 1-0

[Event "Euro Online U2300 Day 1"]
[Site "chess.com INT"]
[Date "2020.05.25"]
[Round "3"]
[White "Gavilan Diaz, Mario"]
[Black "Spitzl, Vinzent"]
[Result "0-1"]
[WhiteTitle "FM"]
[BlackTitle "FM"]
[WhiteElo "2278"]
[BlackElo "2346"]
[WhiteFideId "2260905"]
[BlackFideId "12901253"]
[EventDate "2020.05.25"]

1. d4 d5 2. c4 e6 3. Nc3 Bb4 4. Nf3 Nf6 5. Qa4+ Nc6 6. Bg5 h6 7. Bh4 O-O 8. e3
Bd7 9. Qc2 Re8 10. Bd3 dxc4 11. Bxc4 e5 12. dxe5 Nxe5 13. Nxe5 Rxe5 14. Bxf7+
Kh8 15. O-O Qe7 16. Bg6 Bc6 17. Rad1 Rf8 18. Ne2 Rc5 19. Qb3 Bb5 20. Bd3 g5 21.
Qxb4 Bxd3 22. Rxd3 gxh4 23. Nf4 Rg8 24. Rfd1 b6 25. h3 Qg7 26. Qd4 Rg5 27. Kf1
Qf7 28. Ke2 Kh7 29. e4 Re8 30. f3 Nxe4 31. Re3 Qxf4 32. Qd7+ Rg7 33. Qxe8 Rxg2+
34. Kf1 Rf2+ 35. Kg1 Qg3+ 36. Kh1 Qh2# 0-1

[Event "Euro Online U2300 Day 1"]
[Site "chess.com INT"]
[Date "2020.05.25"]
[Round "3"]
[White "Buksa, Nataliya"]
[Black "Karacsonyi, Gellert"]
[Result "0-1"]
[WhiteTitle "IM"]
[BlackTitle "FM"]
[WhiteElo "2410"]
[BlackElo "2292"]
[WhiteFideId "14123622"]
[BlackFideId "764620"]
[EventDate "2020.05.25"]

1. e4 c5 2. Nf3 Nc6 3. Bb5 g6 4. Bxc6 dxc6 5. d3 Bg7 6. h3 Nf6 7. Nc3 Nd7 8. Be3
e5 9. Qd2 Qe7 10. Bh6 f6 11. Bxg7 Qxg7 12. Nd1 Nf8 13. Ne3 Ne6 14. O-O-O b5 15.
g3 Nd4 16. Nxd4 cxd4 17. Ng2 Be6 18. Qb4 Qe7 19. Qxe7+ Kxe7 20. f4 a5 21. Kb1 c5
22. g4 c4 23. fxe5 fxe5 24. Nh4 Rhf8 25. Rhf1 cxd3 26. cxd3 a4 27. Rf3 Rxf3 28.
Nxf3 Rf8 29. Rf1 h5 30. gxh5 Bxh3 31. Rg1 Rxf3 32. h6 Kf6 33. h7 Kg7 34. Rxg6+
Kxh7 35. Rg5 Bf1 36. Rxe5 Bxd3+ 37. Kc1 Bc4 38. Rc5 Rf1+ 39. Kd2 Rf2+ 40. Kc1 d3
41. e5 Bxa2 42. Rc7+ Kg6 43. Rd7 d2+ 44. Rxd2 Rxd2 45. Kxd2 Kf5 46. Kc3 Kxe5 47.
Kb4 Bc4 48. Kc3 Kd5 49. Kc2 Ba2 50. Kc3 Kc5 51. Kd2 Kb4 52. Kc2 Kc4 53. Kd2 Kb3
54. Kc1 b4 55. Kd2 Kxb2 0-1

[Event "Euro Online U2300 Day 1"]
[Site "chess.com INT"]
[Date "2020.05.25"]
[Round "3"]
[White "Gago Padreny, Ignacio"]
[Black "Kollar, Romain"]
[Result "0-1"]
[WhiteTitle "FM"]
[WhiteElo "2289"]
[BlackElo "2205"]
[WhiteFideId "2278863"]
[BlackFideId "36017981"]
[EventDate "2020.05.25"]

1. d4 Nf6 2. c4 c5 3. Nf3 cxd4 4. Nxd4 e5 5. Nb5 d5 6. cxd5 Bc5 7. N5c3 O-O 8.
g3 e4 9. Bg2 Bf5 10. O-O Qe7 11. Bg5 Nbd7 12. Nd2 h6 13. Bxf6 Nxf6 14. e3 Rfd8
15. Qa4 b5 16. Qxb5 Rab8 17. Qa4 Rxb2 18. Ncxe4 Nxe4 19. Nxe4 Rb4 20. d6 Bxd6
21. Nxd6 Rxa4 22. Nxf5 Qa3 23. Nd4 Raxd4 24. exd4 Rxd4 25. h4 Rd2 26. Rfc1 g5
27. hxg5 hxg5 28. Rc8+ Kg7 29. Rac1 Rxa2 30. R1c7 Qd6 31. Be4 Qd4 32. Bc2 Ra1+
33. Kh2 Qxf2+ 34. Kh3 Qf3 0-1

[Event "Euro Online U2300 Day 1"]
[Site "chess.com INT"]
[Date "2020.05.25"]
[Round "3"]
[White "Oleynik, Alexander"]
[Black "Anfinogenov, Artem"]
[Result "1-0"]
[WhiteElo "2249"]
[BlackElo "2054"]
[WhiteFideId "14110113"]
[BlackFideId "4197461"]
[EventDate "2020.05.25"]

1. e4 e5 2. Nf3 Nc6 3. Nc3 Nf6 4. d4 exd4 5. Nxd4 Bb4 6. Nxc6 bxc6 7. Bd3 O-O 8.
O-O d5 9. exd5 cxd5 10. Bg5 c6 11. h3 Qd6 12. Qf3 h6 13. Bh4 Ba5 14. Ne2 Bc7 15.
Bg3 Qd8 16. Bh4 Be5 17. c3 Re8 18. Rfe1 Qc7 19. Nd4 Rb8 20. Bxf6 gxf6 21. Nf5
Bxf5 22. Qxf5 Rxb2 23. Qh7+ Kf8 24. Qxh6+ Ke7 25. f4 Qb6+ 26. Kh1 Qf2 27. Bf1
Rg8 28. fxe5 f5 29. Qd6+ Ke8 30. e6 1-0

[Event "Euro Online U2300 Day 1"]
[Site "chess.com INT"]
[Date "2020.05.25"]
[Round "3"]
[White "Tsaknakis, Zisis"]
[Black "Raeber, Markus"]
[Result "0-1"]
[WhiteElo "2217"]
[BlackElo "2237"]
[WhiteFideId "4259963"]
[BlackFideId "1302108"]
[EventDate "2020.05.25"]

1. d4 Nf6 2. c4 g6 3. g3 Bg7 4. Bg2 O-O 5. Nc3 d6 6. Nf3 Nbd7 7. O-O e5 8. h3 a5
9. e4 exd4 10. Nxd4 Re8 11. Be3 c6 12. Re1 Nc5 13. Qc2 a4 14. Rad1 Qa5 15. Nde2
Qb4 16. Rxd6 Ncxe4 17. Rdd1 Nxc3 18. Qxc3 Qxc3 19. Nxc3 Be6 20. Bf1 Nd7 21. Bd4
Bxd4 22. Rxd4 Nc5 23. f3 Kg7 24. Kf2 Na6 25. Nxa4 Nb4 26. b3 Nc2 27. Red1 Nxd4
28. Rxd4 Rad8 29. Rxd8 Rxd8 30. Ke1 h5 31. Nc5 Bc8 32. g4 h4 33. f4 Rd4 34. Nd3
f5 35. g5 b5 36. cxb5 cxb5 37. Kd2 b4 38. Ke3 Re4+ 39. Kf2 Ba6 40. Kf3 Bb5 41.
Be2 Bc6 42. Kf2 Bb5 43. Kf3 Kf8 44. Nc1 Bc6 45. Nd3 Bd5 46. Kf2 Bc6 47. Bf3 Rd4
48. Ke3 Rxd3+ 49. Kxd3 Bxf3 0-1

[Event "Euro Online U2300 Day 1"]
[Site "chess.com INT"]
[Date "2020.05.25"]
[Round "3"]
[White "Toczek, Grzegorz"]
[Black "Rozgonyi, Aron"]
[Result "0-1"]
[WhiteTitle "FM"]
[WhiteElo "2271"]
[BlackElo "2117"]
[WhiteFideId "1106457"]
[BlackFideId "706159"]
[EventDate "2020.05.25"]

1. e4 e5 2. Nf3 Nc6 3. Nc3 Nf6 4. d4 exd4 5. Nxd4 d6 6. Nxc6 bxc6 7. Bd3 Be7 8.
O-O O-O 9. Ne2 d5 10. Ng3 Bd6 11. exd5 cxd5 12. Nf5 Bxf5 13. Bxf5 Re8 14. Qf3 c6
15. Bg5 h6 16. Bh4 Be5 17. Rab1 Qd6 18. Bg3 Bxg3 19. hxg3 Rab8 20. b3 g6 21. Bd3
Kg7 22. Qf4 Qxf4 23. gxf4 Ne4 24. Bxe4 Rxe4 25. g3 Rbe8 26. Rbc1 Re2 27. Rfd1 g5
28. fxg5 hxg5 29. Kg2 a5 30. Rd4 R2e4 31. Rcd1 Kf6 32. c4 Rxd4 33. Rxd4 Re4 34.
Rd2 dxc4 35. Rd6+ Re6 36. Rd4 cxb3 37. axb3 Ke7 38. Kf3 f5 39. Ra4 Re5 40. b4
axb4 41. Rxb4 c5 42. Rb8 Re4 43. Rb6 g4+ 44. Kg2 Re6 45. Rb7+ Kd6 46. Rf7 c4 47.
Rxf5 c3 48. Ra5 Re1 49. Ra1 Rxa1 0-1

[Event "Euro Online U2300 Day 1"]
[Site "chess.com INT"]
[Date "2020.05.25"]
[Round "3"]
[White "Sedina, Elena"]
[Black "Unneland, Mathias"]
[Result "1-0"]
[WhiteTitle "IM"]
[WhiteElo "2299"]
[BlackElo "2146"]
[WhiteFideId "812153"]
[BlackFideId "1525581"]
[EventDate "2020.05.25"]

1. e4 c5 2. Nf3 Nc6 3. Bb5 g6 4. O-O Bg7 5. Re1 e5 6. Bxc6 dxc6 7. d3 Qe7 8. h3
Nh6 9. a3 a5 10. Be3 f6 11. Nbd2 Be6 12. Qb1 O-O 13. b4 cxb4 14. axb4 Qxb4 15.
Qxb4 axb4 16. Bc5 Rfc8 17. Bxb4 b6 18. Reb1 Rxa1 19. Rxa1 c5 20. Bc3 b5 21. Ra6
Re8 22. Kf1 b4 23. Bb2 Nf7 24. Nb3 Bxb3 25. cxb3 Rd8 26. Ke2 f5 27. Nd2 Nd6 28.
f3 Nb5 29. Nc4 Nc3+ 30. Bxc3 bxc3 31. Ne3 Rb8 32. Ra3 Bh6 33. Nc2 Bc1 34. Ra1
Bb2 35. Ra5 Rxb3 36. Rxc5 Bc1 37. exf5 gxf5 38. Rxe5 Rb2 39. Kd1 f4 40. Kxc1 1-0